| Поле | Название | Значение |
| |
Тип записи |
a |
| |
Библиографический уровень |
a |
| 001 |
Контрольный номер |
RU/CBS_UL/BASE/ae70a88fbffe43b2bcd8cc9a235c31d3 |
| 005 |
Дата корректировки |
20250122233008.1 |
| 100 |
Данные общей обработки |
__ |
| a |
Данные общей обработки |
20230426 ||| 0rusy0189 ca |
| 101 |
Язык документа |
0_ |
| a |
Язык текста |
rus |
| 102 |
Страна публикации |
__ |
| a |
Страна публикации |
RU |
| 200 |
Заглавие и сведения об ответственности |
1_ |
| a |
Заглавие |
Оскудела рука берущего |
| e |
Сведения, относящиеся к заглавию |
[о том, как и когда Руанда сумела выпутаться из коррупционных сетей] |
| f |
Первые сведения об ответственности |
Г. Зотов |
| g |
Последующие сведения об ответственности |
фот. Г. Зотов |
| 300 |
Общие примечания |
__ |
| a |
Общие примечания |
16+ |
| 461 |
Уровень набора |
_0 |
| 1 |
|
2000 |
| a |
|
Аргументы и факты |
| 463 |
Уровень физической единицы |
_0 |
| 1 |
|
2000 |
| a |
|
№ 16 (19-25 апр.) |
| v |
|
С. 17 : фот. |
| 1 |
|
2101 |
| d |
|
2023 |
| 1 |
|
001RU/CBS_UL/BASE/dd0ae958289d4fd8b07bdf871528350a |
| 606 |
Тематические рубрики |
0_ |
| a |
Основная рубрика |
Руанда - Внутренняя политика, 21 в. |
| 610 |
Ключевые слова |
0_ |
| a |
Ключевые слова |
внутренняя политика |
| 610 |
Ключевые слова |
0_ |
| a |
Ключевые слова |
африканские страны |
| 610 |
Ключевые слова |
0_ |
| a |
Ключевые слова |
страны Африки |
| 610 |
Ключевые слова |
0_ |
| a |
Ключевые слова |
внутренняя политика Руанды |
| 610 |
Ключевые слова |
0_ |
| a |
Ключевые слова |
коррупция |
| 610 |
Ключевые слова |
0_ |
| a |
Ключевые слова |
коррупция в Руанде |
| 610 |
Ключевые слова |
0_ |
| a |
Ключевые слова |
взяточничество |
| 610 |
Ключевые слова |
0_ |
| a |
Ключевые слова |
борьба с коррупцией |
| 686 |
Индексы других классификаций |
__ |
| 2 |
Код системы |
rubbk |
| a |
Классификационный индекс |
66.3(6Руа) |
| 700 |
Автор |
_1 |
| a |
Фамилия |
Зотов |
| b |
Имя (инициалы) |
Г. |
| 801 |
Источник записи |
_0 |
| a |
Страна |
RU |
| b |
Организация |
МБУК ЦБС г. Ульяновска |
| c |
Дата составления |
20230426 |
| g |
Правила каталогизации |
RCR |
| 801 |
Источник записи |
_1 |
| a |
Страна |
RU |
| b |
Организация |
МБУК ЦБС г. Ульяновска |
| c |
Дата составления |
20230426 |
| g |
Правила каталогизации |
RCR |
| 901 |
Тип документа |
__ |
| t |
Тип документа |
f |
| w |
Контрольный № источника |
RU/CBS_UL/BASE/dd0ae958289d4fd8b07bdf871528350a |